Electricity 1 devices,circuits, and materials

محفوظ في:
التفاصيل البيبلوغرافية
المؤلف الرئيسي: Thomas S.Kubala
التنسيق: كتاب
اللغة:Undetermined
منشور في: New York Delmar Publishers 1986
الموضوعات:
الوسوم: إضافة وسم
لا توجد وسوم, كن أول من يضع وسما على هذه التسجيلة!
Thư viện lưu trữ: Trung tâm Học liệu Trường Đại học Cần Thơ
LEADER 00502nam a2200181Ia 4500
001 CTU_46201
008 210402s9999 xx 000 0 und d
082 |a 621.31 
082 |b K95 
100 |a Thomas S.Kubala 
245 0 |a Electricity 1 
245 0 |b devices,circuits, and materials 
245 0 |c Thomas S.Kubala 
260 |a New York 
260 |b Delmar Publishers 
260 |c 1986 
650 |a electric machinery,power electronics 
980 |a Trung tâm Học liệu Trường Đại học Cần Thơ